000 00904nam a2200301 4500
001 10617
003 ES-MaACL
005 20250803063026.0
007 t|
008 000000s1990 sp ||||0| spa j
016 7 _zIBH8312746
020 _a84-204-2506-0
040 _aIBH
_bspa
_cM-BN-DP
080 _a92 Benjamin, Walter
080 _a830-94"19"
100 1 _aBenjamin, Walter,
_d1892-1940
_9241507
245 1 0 _aInfancia en Berlín hacia 1900 /
_cWalter Benjamin ; traducción [del alemán] de Klaus Wagner.
250 _a1ª ed., 2ª reimp.
260 _aMadrid :
_bAlfaguara,
_c1990.
300 _a144 p., 1 h ;
_c20 cm.
490 1 _aLiteratura Alfaguara ;
_v89
500 _aIndice.
700 1 _aWagner, Klaus
_9115846
830 0 _aLiteratura Alfaguara ;
_v89
_9178100
852 _aES-MaACL
_jL-17952
_bR.123488
999 _c10617
_d10617